La comprobación de operaciones vinculadas en el impuesto sobre sociedades español (Registro nro. 325362)

Detalles MARC
000 -ENCABEZADO
Número de control [NR] 01140nam a22002777a 4500
005 - FECHA Y HORA DE LA ÚLTIMA TRANSACCIÓN
control field 20250318084036.0
008 - DE LONGITUD FIJA DE DATOS DE ELEMENTOS - INFORMACIÓN GENERAL
Elementos de longitud fija [NR] 250318b ||||| |||| 00| 0 eng d
020 ## - NUMERO INTERNACIONAL NORMALIZADO PARA LIBROS [R]
Número Internacional Normalizado del libro [NR] 9788410295926
020 ## - NUMERO INTERNACIONAL NORMALIZADO PARA LIBROS [R]
Número Internacional Normalizado del libro [NR] 9788410295933
040 ## - FUENTE DE CATALOGACION [NR]
Agencia de catalogación original [NR] CO-BoUCM
Quien Cataloga David Moreno
Quien Clasifica David Moreno
041 ## - CODIGO DE IDIOMA [R]
Código de idioma para texto/pista de sonido o título separado [R] Español
100 1# - ASIENTO PRINCIPAL--NOMBRE PERSONAL [NR]
Nombre personal [NR] Salamanca Samudio, Laura Viviana
ID Autoridad 185178
245 13 - MENCION DE TITULO [NR]
Título [NR] La comprobación de operaciones vinculadas en el impuesto sobre sociedades español
Parte restante del título [NR] límites a la interpretación desde una pespectiva internacional, europea y nacional
Mención de responsabilidad, etc. [NR] Laura Viviana Salamanca Samudio; prólogo Ana Belén Macho Pérez
250 ## - MENCION DE EDICION [NR]
Mención de edición [NR] 1a.Ed
260 ## - PUBLICACION, DISTRIBUCION, ETC. (PIE DE IMPRENTA) [R]
Lugar de publicación, distribución, etc. [R] Las Rozas, España
Nombre del editor, distribuidor, etc. [R] Aranzadi
Fecha de publicación, distribución, etc. [R] 2024
300 ## - DESCRIPCION FISICA [R]
Extensión [R] 419 Páginas
490 ## - MENCION DE SERIE [R]
Mención de serie [R] Aranzadi Derecho Fiscal
650 14 - ASIENTO SECUNDARIO DE MATERIA - TERMINO TEMATICO [R]
Término temático o nombre geográfico como elemento de entrada [NR] Impuesto sobre sociedades
Subdivisión general [R] Operaciones vinculadas
9 (RLIN) 185179
650 14 - ASIENTO SECUNDARIO DE MATERIA - TERMINO TEMATICO [R]
Término temático o nombre geográfico como elemento de entrada [NR] Sociedades
Subdivisión general [R] Impuestos
9 (RLIN) 185180
650 14 - ASIENTO SECUNDARIO DE MATERIA - TERMINO TEMATICO [R]
Término temático o nombre geográfico como elemento de entrada [NR] Grupos de empresas
Subdivisión general [R] Impuestos
9 (RLIN) 185181
653 ## - TERMINO DE INDIZACION - NO CONTROLADO [R]
Término de indización no controlado [R] Normativa fiscal en España
653 ## - TERMINO DE INDIZACION - NO CONTROLADO [R]
Término de indización no controlado [R] Derecho europeo y fiscalidad
700 1# - ASIENTO SECUNDARIO - NOMBRE PERSONAL [R]
Nombre personal [NR] Macho Pérez, Ana
Término de relación [R] prólogo
9 (RLIN) 185182
942 ## - ELEMENTOS DE ENTRADA AGREGADOS (KOHA)
Sistema de clasificación DEWEY
Tema principal Derecho
Tipo de ítem principal el descrito en 300a Libro
Edición 1
Clasificación 343
Parte restante de la signatura top. S159c
Título oculto en OPAC No
Existencias
Total préstamos Signatura topográfica Código de barras Última vez visto Ejemplar Costo de reposición Price effective from Tipo de ítem Perdido Sistema de clasificación Dañado No prestable Tipo de ítem específico Suprimido Ubicación habitual Ubicación actual Localización Fecha de creación Forma de adquisición
  343 S159c 100173772 05/12/2025 Ej.1 26000.00 18/03/2025 Libro   DEWEY     Libro   Claustro Claustro 3er piso 18/03/2025 Donación